000 01123nam a22002777a 4500
001 BR8600671
003 BR-BrBNA
005 20230928092229.0
007 ta
008 230509b bl.||||| |||| 00| 0 por d
040 _aBR-BrBNA
_bpor
_cBiblioteca Nacional de Agricultura
041 _a(Por)
072 _aH10
_b3301
_b4020
090 _ 3301 BR8600671
100 1 _aMedeiros, M.L.M.B.
110 1 _aUniversidade Federal do Parana, Curitiba (Brasil)
_0Tese (Mestrado)
245 1 _aInsetos associados a Eichhorna crassipes (Mart.)Solms - Laubach flutuacao sazonal e biologia do Cornops aquaticum (Bruner, 1906)(Orthopera: Acrididae)
246 1 _a[Insects associated to Eichhorna crassipes (Mart.)Solms-Laubach seasonal fluctuation and biology of Cornops aquaticum (Bruner, 1906)(Orthopera: Acrididae)]
260 3 _aCuritiba, PR (Brasil):
_c1984.
300 _a105 p.
500 _aSummaries (Eng, Por); Bibliography p. 80-82. (*) Documento disponível na(o) UFPR, Curitiba, PR (Brazil). Biblioteca Central
650 _aBARONEZA
650 _aINSETO
909 _a202309
_bLucia
_c55
_dLucia Elande
942 _cBK
999 _c37807
_d37807